Makroekonomie /

Hlavní autor: Liška, Václav, 1960-
Jazyk: Čeština
Vydáno: [Praha] : Professional Publishing, c2004
Vydání: 2. vyd.
Témata:
Fyzický popis: 628 s. : il. ; 25 cm
Knihy
Uloženo v:
LEADER 01034nam a2200313 a 4500
001 000717063
003 CZ BrMZK
005 20090529133856.0
007 ta
008 040520s2004 xr a e p 000 0 cze d
015 |a cnb001299234 
020 |a 80-86419-54-1  |q (váz.) 
035 |a (OCoLC)85092068 
040 |a BOA001  |b cze 
072 7 |a 37.016  |x Učební osnovy. Vyučovací předměty. Učebnice  |2 Konspekt  |9 22 
072 7 |a 33  |x Ekonomie  |2 Konspekt  |9 4 
080 |a (075)  |2 MRF 
080 |a 330.101.541  |2 MRF 
100 1 |a Liška, Václav,  |d 1960-  |7 ntka173243  |4 aut 
245 1 0 |a Makroekonomie /  |c Václav Liška a kol. 
250 |a 2. vyd. 
260 |a [Praha] :  |b Professional Publishing,  |c c2004 
300 |a 628 s. :  |b il. ;  |c 25 cm 
504 |a Obsahuje bibliografii a rejstřík 
650 0 7 |a makroekonomie  |7 ph115205  |2 czenas 
655 7 |a učebnice  |7 fd133770  |2 czenas 
910 |a BOA001  |b 2-1136.053 
990 |a BK 
996 6 |b 2610220942  |c 2-1136.053  |l MZK  |r HSS 4p  |n 1  |p p.v.  |h 330.101.541 MAK  |w 000717063  |u 000010  |a 0  |e BOA001  |j MZK50  |s P